Electronic warfare target location methods / (Record no. 175893)
[ view plain ]
| 000 -LEADER | |
|---|---|
| fixed length control field | 00875 a2200241 4500 |
| 003 - CONTROL NUMBER IDENTIFIER | |
| control field | Nust |
| 005 - DATE AND TIME OF LATEST TRANSACTION | |
| control field | 20221006144831.0 |
| 010 ## - LIBRARY OF CONGRESS CONTROL NUMBER | |
| LC control number | 2004066005 |
| 020 ## - INTERNATIONAL STANDARD BOOK NUMBER | |
| International Standard Book Number | 1580539688 (alk. paper) |
| 040 ## - CATALOGING SOURCE | |
| Transcribing agency | Nust |
| 082 00 - DEWEY DECIMAL CLASSIFICATION NUMBER | |
| Classification number | 623.043,POI |
| 100 1# - MAIN ENTRY--PERSONAL NAME | |
| Personal name | Poisel, Richard. |
| 9 (RLIN) | 99332 |
| 245 10 - TITLE STATEMENT | |
| Title | Electronic warfare target location methods / |
| Statement of responsibility, etc. | Richard A. Poisel. |
| 260 ## - PUBLICATION, DISTRIBUTION, ETC. | |
| Place of publication, distribution, etc. | Boston : |
| Name of publisher, distributor, etc. | Artech House, |
| Date of publication, distribution, etc. | c2005. |
| 300 ## - PHYSICAL DESCRIPTION | |
| Extent | xii, 272 p. : |
| Other physical details | ill. ; |
| Dimensions | 24 cm. |
| 440 #0 - SERIES STATEMENT/ADDED ENTRY--TITLE | |
| Title | Artech House information warfare library |
| 9 (RLIN) | 97929 |
| 505 ## - FORMATTED CONTENTS NOTE | |
| Formatted contents note | Introduction to Emitter Geolocation (Page-1), Triangulation (Page-13), quadratic Position-Fixing Methods (Page-139), Single-Site Location Techniques (Page-213). |
| 650 #0 - SUBJECT ADDED ENTRY--TOPICAL TERM | |
| Topical term or geographic name entry element | Automatic control. |
| 650 #0 - SUBJECT ADDED ENTRY--TOPICAL TERM | |
| Topical term or geographic name entry element | Automatic tracking. |
| 9 (RLIN) | 99333 |
| 650 #0 - SUBJECT ADDED ENTRY--TOPICAL TERM | |
| Topical term or geographic name entry element | Electronics in military engineering. |
| 650 #0 - SUBJECT ADDED ENTRY--TOPICAL TERM | |
| Topical term or geographic name entry element | Target acquisition. |
| 9 (RLIN) | 99334 |
| 942 ## - ADDED ENTRY ELEMENTS (KOHA) | |
| Source of classification or shelving scheme | |
| Koha item type | Book |
| Withdrawn status | Lost status | Source of classification or shelving scheme | Damaged status | Not for loan | Permanent Location | Current Location | Shelving location | Date acquired | Full call number | Barcode | Date last seen | Price effective from | Koha item type | Public note |
|---|---|---|---|---|---|---|---|---|---|---|---|---|---|---|
| Military College of Signals (MCS) | Military College of Signals (MCS) | Reference | 12/12/2016 | 623.043,POI | MCS31475 | 12/08/2016 | 12/12/2016 | Reference | Almirah No.24, Shelf No.1 |
